Προσθετική κατασκευή στην εφοδιαστική αλυσίδα ανταλλακτικών για τη ναυτιλία Διατριβή (διδακτορική)

Saved in:
Bibliographic Details
Main Author: Κωστίδη, Ευανθία
Corporate Author: Πανεπιστήμιο Αιγαίου Σχολή Επιστημών της Διοίκησης Τμήμα Ναυτιλίας και Επιχειρηματικών Υπηρεσιών - Τ.Ν.Ε.Υ
Format: Thesis Book
Language:Greek
Published: 2021.
Subjects:
Tags: Add Tag
No Tags, Be the first to tag this record!

MARC

LEADER 00000cam a2200000 a 4500
001 1/124088
008 211221t2021####gr | ||| |||| ||gre||
040 |a GR-MyUa  |b gre  |c GR-MyUa  |e AACR2 
041 0 |a gre 
082 7 |2 (23) 
100 1 |a Κωστίδη, Ευανθία. 
245 1 2 |a Προσθετική κατασκευή στην εφοδιαστική αλυσίδα ανταλλακτικών για τη ναυτιλία /   |b Διατριβή (διδακτορική)   |c Κωστίδη Ευανθία ; επιβλέπων Νικήτας Νικητάκος.  
260 |c 2021.  
300 |a 185 σ. :   |b διαγρ., πίν. ;   |c 30 εκ.  
502 |a Διατριβή (διδακτορική) - Πανεπιστήμιο Αιγαίου, Χίος, 2021.  
504 |a Περιλαμβάνει βιβλιογραφία.  
650 0 |a Business logistics. 
650 0 |a Shipping. 
700 1 |a Νικητάκος, Νικήτας,  |e dgs 
710 1 |a Πανεπιστήμιο Αιγαίου  |b Σχολή Επιστημών της Διοίκησης  |b Τμήμα Ναυτιλίας και Επιχειρηματικών Υπηρεσιών - Τ.Ν.Ε.Υ. 
852 |a INST  |b CHIOS  |c PHD  |e 20211221  |h 658.7 ΚΩΣ  |p 005200039552  |q 005200039552  |t PHD  |y 23 
924 |a Κωστίδη  |b Ευανθία  |y Χίος  |z 0221-12 
970 |a Παροικάκη  |b Βασιλική  |z 21/12/2021